000 00786nas a2200265 4500
001 BR8602829
003 BR-BrBNA
005 20231205090513.0
007 ta
008 230509b bl.|||p| |||| 00| 00por d
040 _aBR-BrBNA
_bpor
_cBiblioteca Nacional de Agricultura
041 _a(Pt)
072 _aL02; L51
100 1 _aSalomoni, E.
100 1 _aBorba, E.R.
245 1 _aUso de anabolizante em vacas de descarte
246 1 _aUse of anabolic substances in culled cows
650 _aVACA DE CORTE
650 _aGANHO DE PESO
650 _aRENDIMENTO
650 _aANABOLIZANTE
773 0 _tPesquisa Agropecuaria Brasileira (Brazil)
_xISSN 0100-204X
_g(Jan 1986), v. 21(1) p. 53-59
_wBR8602829
909 _a202311
_bLúcia
_c55
_dLúcia Elande
942 _2AGRIS
_n0
_cANA
999 _c118889
_d118889